| 000 | 00704nam a22001817a 4500 | ||
|---|---|---|---|
| 008 | 100124s2001 ii|||||d|||| 001 0 eng d | ||
| 020 | _a8171415873 | ||
| 082 |
_222 _a628.44 _bABB |
||
| 100 |
_910645 _aAbbasi, S. A. |
||
| 245 |
_aSolid Waste Management with Earthworms/ _cS. A. Abbasi and E. V. Ramasamy |
||
| 260 |
_aNew Delhi: _bDiscovery, 2001 _c2001 |
||
| 300 |
_a178p.; _c20 cm. |
||
| 504 | _aBibliography: p.158-171 | ||
| 650 |
_910644 _aRefuse and refuse disposal |
||
| 700 |
_910646 _aRamasamy, E. V. |
||
| 942 |
_2ddc _cBB |
||
| 999 |
_c13205 _d13205 |
||